[Event "5th Asia-ch"]
[Site "Hyderabad IND"]
[Date "2005.10.13"]
[Round "7"]
[White "Suvrajit, Saha"]
[Black "Moussa, Taleb"]
[Result "1/2-1/2"]
[WhiteElo "2378"]
[BlackElo "2510"]
[EventDate "2005.10.05"]
[PlyCount "137"]

1.Nf3 Nf6 2.g3 b5 3.Bg2 Bb7 4.O-O e6 5.b3 c5 6.c4 bxc4 7.bxc4 Be7 8.Nc3 
O-O 9.Rb1 Bc6 10.Bb2 Qa5 11.Qc2 h6 12.e4 d6 13.d4 cxd4 14.Nxd4 Rc8 15.Qe2 
Nfd7 16.Rfd1 Nb6 17.Nb3 Qa6 18.Qg4 Bf8 19.Bf1 Qb7 20.Na5 Qc7 21.Nb5 Bxb5 
22.cxb5 Na4 23.Rdc1 Qd8 24.Rxc8 Qxc8 25.Bd4 Qc7 26.Nb3 Nd7 27.Rc1 Qd8 28.
Qd1 Ndc5 29.Qc2 Nxb3 30.Qxb3 Nc5 31.Qc2 Be7 32.Qb1 Rc8 33.Rc2 Bf6 34.Bxf6 
Qxf6 35.Qb4 Rd8 36.a4 Qe5 37.Rc4 Qa1 38.Kg2 e5 39.Qd2 Qa3 40.Qd5 Ne6 41.
Qd3 Qa2 42.Qc2 Qa3 43.Qc3 Qa2 44.Qa5 Rd7 45.Rc8+ Kh7 46.Qb4 Nc5 47.a5 Qc2 
48.Qc4 Qb1 49.a6 g6 50.Kg1 Nxe4 51.Qd3 Qxd3 52.Bxd3 Nc5 53.Bc2 Kg7 54.f4 
Kf6 55.Kf2 exf4 56.gxf4 Ne6 57.Be4 d5 58.f5 gxf5 59.Bxd5 Rxd5 60.b6 axb6 
61.a7 Rd2+ 62.Ke3 Ra2 63.a8=Q Rxa8 64.Rxa8 Kg5 65.Rb8 f4+ 66.Kf3 Kf5 67.
Rxb6 Ng5+ 68.Kg2 f6 69.h3 1/2-1/2

[Event "5th Asia-ch"]
[Site "Hyderabad IND"]
[Date "2005.10.13"]
[Round "7"]
[White "Bakre, Tejas"]
[Black "Prathamesh, Sunil Mokal"]
[Result "1-0"]
[WhiteElo "2484"]
[BlackElo "2362"]
[EventDate "2005.10.05"]
[PlyCount "91"]

1.e4 c5 2.Nf3 e6 3.d4 cxd4 4.Nxd4 a6 5.Bd3 Nf6 6.O-O Qc7 7.Qe2 d6 8.c4 g6 
9.Nc3 Bg7 10.Nf3 O-O 11.Bf4 Nc6 12.Rac1 Qe7 13.Rfd1 Ng4 14.Bb1 Nge5 15.Be3
Ng4 16.Bg5 f6 17.Bf4 Nge5 18.Na4 Bd7 19.c5 dxc5 20.Nxc5 Be8 21.a3 g5 22.
Bxe5 fxe5 23.Ba2 Kh8 24.Nxe6 Bh5 25.Nxf8 Rxf8 26.Rxc6 bxc6 27.Rd3 g4 28.
Nd2 Qc5 29.Rc3 Qb6 30.Nc4 Qd4 31.g3 Bh6 32.Bb1 Bg6 33.Ne3 Bxe4 34.Bxe4 
Qxe4 35.Rc4 Qb1+ 36.Kg2 Bxe3 37.Qxe3 Qxb2 38.Rxg4 Rg8 39.Rb4 Qa1 40.Qh6 e4
41.Rxe4 Qg7 42.Qxc6 a5 43.Qd5 Rb8 44.Qxa5 Qb7 45.Qe5+ Kg8 46.Kh3 1-0

[Event "5th Asia-ch"]
[Site "Hyderabad IND"]
[Date "2005.10.13"]
[Round "7"]
[White "Sharma, Dinesh"]
[Black "Satyapragyan, Swayangsu"]
[Result "1-0"]
[WhiteElo "2359"]
[BlackElo "2411"]
[EventDate "2005.10.05"]
[PlyCount "94"]

1.e4 e5 2.Nf3 Nc6 3.Bb5 a6 4.Ba4 Nf6 5.O-O b5 6.Bb3 Be7 7.Re1 O-O 8.d4 d6 
9.c3 Bg4 10.d5 Na5 11.Bc2 c6 12.dxc6 Qc7 13.h3 Bh5 14.Nbd2 Qxc6 15.Nf1 Nc4
16.Ng3 Bg6 17.Nf5 Bxf5 18.exf5 h6 19.Nh2 d5 20.b3 Nb6 21.Re3 Nbd7 22.Rg3 
Kh8 23.Ng4 Rg8 24.Nxf6 Nxf6 25.Qe2 Rac8 26.Bd2 e4 27.Bd1 Bd6 28.f4 e3 29.
Bxe3 Rge8 30.Qd3 Qxc3 31.Qxc3 Rxc3 32.Bf2 Rxg3 33.Bxg3 Ne4 34.Kh2 d4 35.
Bf3 Nc3 36.Rc1 b4 37.Rc2 Re3 38.Rd2 d3 39.Kg1 Bc5 40.Kf1 Nb1 41.Rb2 Nc3 
42.Bf2 Rxf3 43.gxf3 Bxf2 44.Rxf2 Nd5 45.Rd2 Nxf4 46.Kf2 g5 47.fxg6 fxg6 
1-0

[Event "5th Asia-ch"]
[Site "Hyderabad IND"]
[Date "2005.10.13"]
[Round "7"]
[White "Das, Arghyadip"]
[Black "Lim Yee Weng"]
[Result "1-0"]
[WhiteElo "2411"]
[BlackElo "2348"]
[EventDate "2005.10.05"]
[PlyCount "47"]

1.e4 c5 2.b3 d6 3.Bb2 Nc6 4.f4 e5 5.Nf3 exf4 6.Bb5 Nf6 7.O-O Bd7 8.Bxc6 
Bxc6 9.e5 Nh5 10.d4 d5 11.Kh1 g6 12.Nc3 Be7 13.Ne2 O-O 14.Qc1 g5 15.dxc5 
Bxc5 16.Nfd4 Bd7 17.Qd2 Qb6 18.g3 fxg3 19.e6 Bxd4 20.Nxd4 f6 21.exd7 Qd6 
22.Nf5 Qxd7 23.Qxg5+ Ng7 24.Bxf6 1-0

[Event "5th Asia-ch"]
[Site "Hyderabad IND"]
[Date "2005.10.13"]
[Round "7"]
[White "Sengupta, Deep"]
[Black "Gopal, Geetha Narayanan"]
[Result "0-1"]
[WhiteElo "2400"]
[BlackElo "2327"]
[EventDate "2005.10.05"]
[PlyCount "116"]

1.e4 c5 2.Nf3 d6 3.d4 Nf6 4.Nc3 cxd4 5.Nxd4 a6 6.Be2 e5 7.Nb3 Be7 8.O-O 
O-O 9.f4 exf4 10.Bxf4 Nc6 11.Kh1 Be6 12.Nd4 Nxd4 13.Qxd4 Rc8 14.Rad1 Ne8 
15.Qe3 Qa5 16.a3 Bf6 17.Nd5 Bxd5 18.Rxd5 Qc7 19.c3 Qe7 20.Rfd1 Rc6 21.Bf3 
Qe6 22.Qa7 Qc8 23.Qf2 Qc7 24.Qg3 Qb6 25.R1d2 Rc5 26.Qf2 Rc6 27.Qe1 Be5 28.
Bxe5 dxe5 29.Qd1 Re6 30.Bg4 Re7 31.Bf3 Re6 32.c4 Nf6 33.R5d3 Qc5 34.Rc3 a5
35.Rd5 Qc7 36.Rd2 Rc6 37.Qc2 Rc8 38.b4 g6 39.c5 axb4 40.axb4 b6 41.Be2 
bxc5 42.Bb5 Rd6 43.Rxc5 Rxd2 44.Qxd2 Qb8 45.Rxc8+ Qxc8 46.Bd3 Qd7 47.Qe2 
Qd4 48.Bc4 Nxe4 49.g3 Nd6 50.Bb3 Kg7 51.Kg2 e4 52.b5 e3 53.Bc2 Nxb5 54.
Qxb5 Qd2+ 55.Kh3 e2 56.Qe5+ Kh6 57.Qf6 e1=Q 58.Qxf7 Qef2 0-1

[Event "5th Asia-ch"]
[Site "Hyderabad IND"]
[Date "2005.10.13"]
[Round "7"]
[White "Ramu, K."]
[Black "Yogesh, Gore"]
[Result "1/2-1/2"]
[WhiteElo "2259"]
[BlackElo "2316"]
[EventDate "2005.10.05"]
[PlyCount "54"]

1.e4 c5 2.Nf3 d6 3.d4 cxd4 4.Nxd4 Nf6 5.Nc3 a6 6.Be3 e6 7.f3 Be7 8.g4 b5 
9.Qd2 Bb7 10.O-O-O Nc6 11.g5 Nd7 12.Rg1 Nc5 13.Rg3 Rc8 14.f4 b4 15.Na4 Nd7
16.Nb3 Rb8 17.f5 exf5 18.exf5 Nce5 19.Bg2 Bxg2 20.Qxg2 Qc8 21.h4 Qc4 22.
Rd5 Rc8 23.Kb1 Bd8 24.f6 g6 25.Rxd6 Qb5 26.Nac5 Nxc5 27.Nxc5 O-O 1/2-1/2

[Event "5th Asia-ch"]
[Site "Hyderabad IND"]
[Date "2005.10.13"]
[Round "7"]
[White "Pg Mohd Omar, Ak Hira."]
[Black "Lukey, Stephen"]
[Result "0-1"]
[WhiteElo "2194"]
[BlackElo "2286"]
[EventDate "2005.10.05"]
[PlyCount "56"]

1.e4 e6 2.d4 d5 3.Nd2 Nf6 4.e5 Nfd7 5.c3 c5 6.Bd3 Nc6 7.Ne2 cxd4 8.cxd4 f6
9.exf6 Nxf6 10.Nf3 Bd6 11.O-O O-O 12.Bf4 Bxf4 13.Nxf4 Ne4 14.g3 g5 15.Nh5 
e5 16.Nxe5 Nxd4 17.f3 Bh3 18.fxe4 Qb6 19.Nf6+ Rxf6 20.Rxf6 Qxf6 21.Bf1 
Qxe5 22.Bxh3 dxe4 23.Bg2 Re8 24.Qg4 e3 25.h4 Kh8 26.Re1 gxh4 27.Qd7 e2 28.
Bh3 Qxg3+ 0-1

[Event "5th Asia-ch"]
[Site "Hyderabad IND"]
[Date "2005.10.13"]
[Round "7"]
[White "Girinath, P. D. S."]
[Black "Ramakrishna, J."]
[Result "1-0"]
[WhiteElo "2392"]
[BlackElo "2294"]
[EventDate "2005.10.05"]
[PlyCount "69"]

1.e4 c5 2.Nf3 e6 3.c3 Nf6 4.d3 Nc6 5.g3 d5 6.Qe2 Be7 7.Bg2 b6 8.O-O Bb7 9.
Re1 Qd7 10.e5 Ng8 11.Na3 a6 12.Nc2 Bd8 13.d4 c4 14.h4 Nge7 15.Ne3 Bc7 16.
h5 h6 17.Nh4 b5 18.f4 Bb6 19.Kh2 O-O-O 20.f5 Nxd4 21.cxd4 Bxd4 22.fxe6 
fxe6 23.a4 Bb6 24.axb5 axb5 25.Bd2 Nc6 26.Nxd5 Qxd5 27.Bxd5 Rxd5 28.Bf4 
Nd4 29.Qg4 Rd7 30.Rad1 Rf8 31.Be3 Bf3 32.Nxf3 Nxf3+ 33.Kg2 Nxe1+ 34.Rxe1 
Bxe3 35.Rxe3 1-0

[Event "5th Asia-ch"]
[Site "Hyderabad IND"]
[Date "2005.10.14"]
[Round "8"]
[White "Yogesh, Gore"]
[Black "Pg Mohd Omar, Ak Hira."]
[Result "1-0"]
[WhiteElo "2316"]
[BlackElo "2194"]
[EventDate "2005.10.05"]
[PlyCount "91"]

1.Nf3 Nf6 2.d3 d5 3.g3 g6 4.Bg2 Bg7 5.Nbd2 Bf5 6.c4 c6 7.O-O O-O 8.Rb1 
Nbd7 9.Nd4 Bg4 10.h3 e5 11.hxg4 exd4 12.g5 Ng4 13.cxd5 Qxg5 14.dxc6 Qh5 
15.Nf3 bxc6 16.Re1 Rfe8 17.Bf4 h6 18.Qc2 Re6 19.b4 g5 20.Bc1 Rae8 21.b5 
Rf6 22.Bxg5 hxg5 23.bxc6 Nb6 24.c7 Rc8 25.Rb5 Rg6 26.Qc5 Bf8 27.Qxd4 Rxc7 
28.Qd8 Rd7 29.Qe8 Re6 30.Qxe6 fxe6 31.Rxg5+ Qxg5 32.Nxg5 Bc5 33.Ne4 Rc7 
34.Bh3 Nh6 35.Bxe6+ Kg7 36.Kg2 Be7 37.f4 Ng8 38.g4 Nf6 39.Nxf6 Kxf6 40.Bb3
a5 41.g5+ Kg7 42.a4 Rc3 43.Rb1 Nd7 44.Bc4 Nc5 45.Rb5 Nxa4 46.Rb7 1-0

[Event "5th Asia-ch"]
[Site "Hyderabad IND"]
[Date "2005.10.14"]
[Round "8"]
[White "Zhou Jianchao"]
[Black "Ghaem Maghami, Ehsan"]
[Result "1/2-1/2"]
[WhiteElo "2516"]
[BlackElo "2586"]
[EventDate "2005.10.05"]
[PlyCount "72"]

1.Nf3 g6 2.d4 Bg7 3.c4 c5 4.e4 d6 5.d5 e6 6.dxe6 Bxe6 7.Nc3 Ne7 8.Be2 Nbc6
9.Nd5 Bg4 10.Ne3 Bxf3 11.Bxf3 Nd4 12.O-O O-O 13.Be2 Re8 14.Bd3 Qd7 15.Rb1 
Nec6 16.Nd5 Ne7 17.Nc3 Nec6 18.f4 f5 19.a3 Kh8 20.Kh1 b6 21.Bd2 Rad8 22.b4
Ne7 23.Re1 Ng8 24.Nd5 fxe4 25.Bxe4 Ne7 26.Nc3 Ng8 27.Nd5 Ne7 28.Ne3 Qe6 
29.Bf3 Qf7 30.g3 Nxf3 31.Qxf3 Nf5 32.Qd5 Kg8 33.Kg2 Nxe3+ 34.Rxe3 Bd4 35.
Rxe8+ Rxe8 36.Qxf7+ Kxf7 1/2-1/2

[Event "5th Asia-ch"]
[Site "Hyderabad IND"]
[Date "2005.10.14"]
[Round "8"]
[White "Nguyen Anh Dung"]
[Black "Ravi, Lanka"]
[Result "1-0"]
[WhiteElo "2551"]
[BlackElo "2419"]
[EventDate "2005.10.05"]
[PlyCount "45"]

1.d4 Nf6 2.c4 e6 3.Nf3 c5 4.e3 d5 5.cxd5 exd5 6.Be2 Nc6 7.O-O cxd4 8.exd4 
Bd6 9.Bg5 h6 10.Bh4 Be6 11.Nc3 O-O 12.Re1 Ne7 13.Bxf6 gxf6 14.Nh4 Ng6 15.
Nxg6 fxg6 16.Bf3 Bf7 17.Qb3 f5 18.Bxd5 Qh4 19.g3 Qxd4 20.Rad1 Qg4 21.Bxf7+
Rxf7 22.Qe6 Bf8 23.Rd7 1-0

[Event "5th Asia-ch"]
[Site "Hyderabad IND"]
[Date "2005.10.14"]
[Round "8"]
[White "Annaberdiev, Meilis"]
[Black "Ramesh, Ramachandran"]
[Result "1/2-1/2"]
[WhiteElo "2421"]
[BlackElo "2487"]
[EventDate "2005.10.05"]
[PlyCount "99"]

1.d4 d5 2.Nf3 Nf6 3.Bf4 c5 4.e3 Qb6 5.Nc3 Bd7 6.Rb1 e6 7.Ne5 Nc6 8.Nxd7 
Nxd7 9.dxc5 Bxc5 10.Be2 O-O 11.O-O Be7 12.Na4 Qa5 13.c4 Nf6 14.Nc3 dxc4 
15.Bxc4 Nh5 16.Bc7 Qxc7 17.Qxh5 Rad8 18.Rfd1 g6 19.Qe2 h5 20.Bd3 a6 21.Be4
Ne5 22.Rbc1 Qb8 23.g3 b5 24.Bg2 Qb6 25.Qc2 Rxd1+ 26.Rxd1 Rc8 27.Qe4 Bf6 
28.Qb7 Rb8 29.Qxb6 Rxb6 30.Ne4 Be7 31.Rc1 f5 32.Nc5 Kf7 33.b4 Bd6 34.e4 
Ke7 35.exf5 gxf5 36.Re1 Rb8 37.Nxa6 Rc8 38.Nc5 Bxc5 39.Rxe5 Bxb4 40.Rxb5 
Rc1+ 41.Bf1 Bc5 42.Rb2 Bd4 43.Rd2 e5 44.Kg2 Bc5 45.Rd5 Bd4 46.Bd3 Ke6 47.
Rd8 Rc3 48.Be2 Rc2 49.Kf1 Rc1+ 50.Kg2 1/2-1/2

[Event "5th Asia-ch"]
[Site "Hyderabad IND"]
[Date "2005.10.14"]
[Round "8"]
[White "Grigorian, Karen"]
[Black "Wang Rui"]
[Result "0-1"]
[WhiteElo "2421"]
[BlackElo "2474"]
[EventDate "2005.10.05"]
[PlyCount "128"]

1.e4 c5 2.Nf3 e6 3.c3 Nf6 4.e5 Nd5 5.d4 cxd4 6.cxd4 d6 7.a3 Nc6 8.Bd3 dxe5
9.dxe5 Be7 10.O-O Bd7 11.Qe2 Na5 12.Qd1 Rc8 13.Bd2 Nc4 14.Bc1 Na5 15.Bd2 
Nc4 16.Bc1 O-O 17.Nbd2 Nxd2 18.Bxd2 Nb6 19.Qb1 g6 20.Bh6 Re8 21.Rd1 Nd5 
22.Be4 Bc6 23.Nd4 Qc7 24.Nxc6 bxc6 25.Re1 Bc5 26.Qd1 Qxe5 27.Bxd5 Qxd5 28.
Qc2 Bd4 29.Rad1 c5 30.b3 Red8 31.g3 Rb8 32.Rb1 Rb7 33.Rec1 Qf3 34.Re1 Rbd7
35.Bg5 Rb8 36.Be3 h5 37.b4 h4 38.Qe2 Qf5 39.Rbd1 Rbd8 40.bxc5 hxg3 41.hxg3
Bxe3 42.Rxd7 Bxf2+ 43.Qxf2 Qxf2+ 44.Kxf2 Rxd7 45.Rc1 Kf8 46.Ke3 Ke7 47.Rb1
Kd8 48.g4 Kc7 49.Rb5 Kc6 50.Ra5 Kd5 51.g5 Rc7 52.Kd3 e5 53.c6+ Kd6 54.Ra6 
Kd5 55.Ra5+ Kxc6 56.Rxe5 Kd6 57.Ra5 Rc5 58.Rxa7 Ke6 59.Ra6+ Ke7 60.Ra7+ 
Ke6 61.Ra6+ Ke7 62.Ra7+ Kf8 63.Rb7 Rxg5 64.Rb1 Rg3+ 0-1

[Event "5th Asia-ch"]
[Site "Hyderabad IND"]
[Date "2005.10.14"]
[Round "8"]
[White "Parikh, Valay"]
[Black "Al-Rakib, Abdullah"]
[Result "0-1"]
[WhiteElo "2372"]
[BlackElo "2466"]
[EventDate "2005.10.05"]
[PlyCount "114"]

1.e4 e5 2.Bc4 Nc6 3.Nc3 Nf6 4.d3 Na5 5.Nge2 Nxc4 6.dxc4 c6 7.O-O Be7 8.Qd3
d6 9.Bg5 Be6 10.b3 h6 11.Bxf6 Bxf6 12.Rad1 Qa5 13.Qf3 Be7 14.Qg3 O-O 15.
Qd3 f5 16.f4 Rad8 17.Qh3 Bc8 18.Qg3 exf4 19.Nxf4 Bf6 20.Nfe2 Be5 21.Qd3 
fxe4 22.Nxe4 Bf5 23.Kh1 Kh8 24.Qe3 Qxa2 25.Nd4 Bxe4 26.Qxe4 Bxd4 27.Qxd4 
Qxc2 28.h3 Qxb3 29.Rfe1 Qg3 30.Re7 Rf6 31.Rxb7 Rdf8 32.Rbb1 Rf4 33.Qxa7 
Rxc4 34.Rf1 Rcf4 35.Rxf4 Qxf4 36.Qe7 Qf6 37.Qe2 Qe5 38.Qxe5 dxe5 39.Rb7 
Re8 40.Kg1 e4 41.Rc7 Re6 42.Kf2 e3+ 43.Ke2 h5 44.Ra7 Kh7 45.Ra5 g6 46.Ra7+
Kg8 47.Ra4 Kf7 48.Rc4 Ke7 49.g4 hxg4 50.Rxg4 Kd6 51.Rg5 c5 52.h4 Kc6 53.h5
gxh5 54.Rxh5 Kb5 55.Rh1 c4 56.Rb1+ Kc5 57.Ra1 Kb4 0-1

[Event "5th Asia-ch"]
[Site "Hyderabad IND"]
[Date "2005.10.14"]
[Round "8"]
[White "Hossain, Enamul"]
[Black "Poobesh Anand, Selvaraj"]
[Result "1/2-1/2"]
[WhiteElo "2476"]
[BlackElo "2397"]
[EventDate "2005.10.05"]
[PlyCount "69"]

1.e4 c5 2.Nf3 Nc6 3.d4 cxd4 4.Nxd4 Nf6 5.Nc3 d6 6.Bg5 Bd7 7.Be2 Qa5 8.Bxf6
gxf6 9.O-O Nxd4 10.Qxd4 Rc8 11.Nd5 Qc5 12.Qd3 Qxc2 13.Qe3 Bh6 14.Qxh6 Qxe2
15.Qg7 Rf8 16.Rac1 Rxc1 17.Rxc1 Bc6 18.Qxh7 Qd2 19.Rf1 Bxd5 20.exd5 Qxd5 
21.Re1 a6 22.g3 Kd7 23.Qh3+ f5 24.Qh4 Re8 25.Qa4+ Qb5 26.Qc2 Rc8 27.Rxe7+ 
Kxe7 28.Qxc8 Qxb2 29.Qxf5 Qxa2 30.Qe4+ Kf6 31.Qxb7 a5 32.Qf3+ Kg7 33.Qg4+ 
Kf8 34.Qc8+ Kg7 35.Qg4+ 1/2-1/2

[Event "5th Asia-ch"]
[Site "Hyderabad IND"]
[Date "2005.10.14"]
[Round "8"]
[White "Roy Chowdhury, Saptarshi"]
[Black "Rahman, Ziaur"]
[Result "0-1"]
[WhiteElo "2397"]
[BlackElo "2570"]
[EventDate "2005.10.05"]
[PlyCount "110"]

1.e4 g6 2.d4 Bg7 3.Nc3 c6 4.Bc4 d6 5.Qf3 e6 6.Nge2 Nd7 7.Bb3 Ngf6 8.Bg5 h6
9.Bh4 Qe7 10.O-O e5 11.Rad1 Nf8 12.Qd3 g5 13.Bg3 Ng6 14.f3 Nh5 15.dxe5 
Nxg3 16.Nxg3 Bxe5 17.Nce2 Nf4 18.Nxf4 gxf4 19.Nf5 Bxf5 20.exf5 O-O-O 21.
Rfe1 Rhg8 22.Re2 Rg5 23.c3 Rdg8 24.Kf1 Qf6 25.Bc2 Qg7 26.Qd2 Rh5 27.Kg1 a6
28.Qe1 Kb8 29.Qf2 Ka8 30.Kh1 d5 31.Bd3 f6 32.c4 Bb8 33.Rde1 Qg3 34.Qxg3 
fxg3 35.h3 Rh4 36.cxd5 Rd4 37.Bc2 cxd5 38.Kg1 Rc8 39.Kf1 Be5 40.Bb3 Ka7 
41.Rd1 Rxd1+ 42.Bxd1 Rc1 43.Ke1 Bd4 44.Rd2 Bf2+ 45.Ke2 d4 46.Rd3 Rc5 47.f4
Rxf5 48.Kf3 Rc5 49.Kg4 b5 50.f5 Kb6 51.a4 Re5 52.axb5 axb5 53.Bf3 Kc5 54.
Kh5 Rxf5+ 55.Kxh6 Be3+ 0-1

[Event "5th Asia-ch"]
[Site "Hyderabad IND"]
[Date "2005.10.14"]
[Round "8"]
[White "Konguvel, Ponnuswamy"]
[Black "Filippov, Anton"]
[Result "1/2-1/2"]
[WhiteElo "2390"]
[BlackElo "2478"]
[EventDate "2005.10.05"]
[PlyCount "169"]

1.e4 b6 2.d4 Bb7 3.Bd3 e6 4.Nf3 Nf6 5.Qe2 d5 6.e5 Nfd7 7.Ng5 g6 8.h4 Qe7 
9.h5 Bg7 10.h6 Bf8 11.c3 c5 12.Rh3 Nc6 13.Rf3 Nd8 14.Na3 Bxh6 15.Nxe6 Nxe6
16.Bxh6 a6 17.dxc5 Ndxc5 18.O-O-O O-O-O 19.Nc2 Kb8 20.Nd4 Nxd4 21.cxd4 
Nxd3+ 22.Rdxd3 Rc8+ 23.Rc3 Qh4 24.Bf4 Ka7 25.g3 Qg4 26.Kd2 Qd7 27.Bg5 Rc4 
28.Rfd3 Qb5 29.b3 Rcc8 30.Be7 Qd7 31.Bf6 Rhe8 32.Rxc8 Rxc8 33.Rc3 Qf5 34.
Rxc8 Bxc8 35.Kc1 Bb7 36.Kb2 h5 37.Qd2 Qe4 38.Bg5 a5 39.Qe3 Qg4 40.Bd8 Bc6 
41.Bg5 Ka6 42.Kc3 Qd1 43.Qd3+ Qxd3+ 44.Kxd3 Bd7 45.Kc3 Bg4 46.Bd8 Kb7 47.
b4 Kc8 48.Bxb6 g5 49.e6 fxe6 50.bxa5 Be2 51.Kd2 Bc4 52.Ke3 Kd7 53.a3 Ke7 
54.Bc7 Kf6 55.Bd8+ Kf5 56.f3 g4 57.f4 Ba6 58.Be7 Kg6 59.Kd2 Kf7 60.Bg5 Ke8
61.Kc3 Kd7 62.Kb4 Kc6 63.Bf6 Bd3 64.Bg5 Kb7 65.Kc5 Ka6 66.Bd8 Bf5 67.Kd6 
Kb5 68.a4+ Ka6 69.Kc6 Bc2 70.Kd7 Bf5 71.Kd6 h4 72.Bxh4 Kxa5 73.Be7 Kxa4 
74.Ke5 Kb3 75.Kf6 Kc4 76.Bc5 Kd3 77.Kg5 Ke4 78.Kh4 Kf3 79.Bb6 Bc2 80.Bc5 
Bd1 81.Bb6 Ke4 82.Kg5 Kf3 83.Kh4 Ke4 84.Kg5 Kf3 85.Kh4 1/2-1/2

[Event "5th Asia-ch"]
[Site "Hyderabad IND"]
[Date "2005.10.14"]
[Round "8"]
[White "Roktim, Bandyopadhyay"]
[Black "Barua, Dibyendu"]
[Result "1-0"]
[WhiteElo "2380"]
[BlackElo "2475"]
[EventDate "2005.10.05"]
[PlyCount "57"]

1.d4 d5 2.c4 e6 3.Nc3 Nf6 4.cxd5 exd5 5.Bg5 c6 6.e3 Qb6 7.Bd3 Qxb2 8.Nge2 
Be7 9.O-O Qb6 10.Qc2 Qd8 11.f3 h6 12.Bh4 a5 13.e4 Na6 14.a3 Nc7 15.e5 Nd7 
16.Bxe7 Qxe7 17.Ng3 Nf8 18.f4 h5 19.f5 h4 20.Nge2 Qg5 21.Nf4 Rh6 22.Na4 
Nd7 23.Rae1 b5 24.e6 bxa4 25.Qxc6 Kd8 26.Nxd5 Nxd5 27.Qxd5 Ra7 28.e7+ Ke8 
29.Qxf7+ 1-0

[Event "5th Asia-ch"]
[Site "Hyderabad IND"]
[Date "2005.10.14"]
[Round "8"]
[White "Gonzales, Jayson"]
[Black "Zhou Weiqi"]
[Result "1/2-1/2"]
[WhiteElo "2464"]
[BlackElo "2416"]
[EventDate "2005.10.05"]
[PlyCount "98"]

1.d4 d5 2.Nf3 e6 3.c4 c6 4.Bg5 Nf6 5.e3 Nbd7 6.Bd3 Qa5+ 7.Ke2 dxc4 8.Bxc4 
b5 9.Bd3 c5 10.Bxf6 gxf6 11.Re1 Bb7 12.Kf1 c4 13.Be2 Bb4 14.Nc3 Bxc3 15.
bxc3 Qxc3 16.a4 a6 17.Qb1 Qb3 18.axb5 axb5 19.Qxb3 cxb3 20.Rxa8+ Bxa8 21.
Rb1 Bd5 22.Nd2 Ke7 23.Bxb5 Rb8 24.Bc4 b2 25.Ke2 Bxg2 26.f3 Rb4 27.Kd3 Rb8 
28.Kc2 Ra8 29.Kd3 Rb8 30.Kc3 f5 31.Bb3 e5 32.Rxb2 f4 33.exf4 exd4+ 34.Kxd4
Rb4+ 35.Ke3 Bh3 36.Ra2 Be6 37.Bxe6 Kxe6 38.Ra5 f5 39.Ra6+ Kf7 40.Rc6 Nb6 
41.Rc5 Ke6 42.Rc6+ Kf7 43.Rd6 Ke7 44.Rd4 Ke6 45.Rxb4 Nd5+ 46.Kd4 Nxb4 47.
Nb3 Nc2+ 48.Kd3 Ne1+ 49.Ke2 Ng2 1/2-1/2

[Event "5th Asia-ch"]
[Site "Hyderabad IND"]
[Date "2005.10.14"]
[Round "8"]
[White "Singh, D. P."]
[Black "Deepan Chakravarthy, Jeyakumar"]
[Result "1/2-1/2"]
[WhiteElo "2368"]
[BlackElo "2454"]
[EventDate "2005.10.05"]
[PlyCount "79"]

1.d4 Nf6 2.Nf3 e6 3.c4 Nc6 4.Bg5 h6 5.Bxf6 Qxf6 6.e3 d6 7.Nc3 g6 8.Bd3 Bg7
9.h4 Qd8 10.Bc2 e5 11.d5 Ne7 12.h5 g5 13.Nh2 a6 14.g4 e4 15.Bxe4 O-O 16.
Bc2 b5 17.Qd3 Re8 18.Qh7+ Kf8 19.O-O bxc4 20.f4 Ng8 21.Ne4 Nf6 22.Nxf6 
Qxf6 23.fxg5 Qxg5 24.Bg6 Re7 25.Rf4 Bb7 26.Raf1 Bxd5 27.Nf3 Qxf4 28.exf4 
f5 29.Bxf5 Bg8 30.Qg6 Bf7 31.Ne5 Bxg6 32.Nxg6+ Kf7 33.Nxe7 Kxe7 34.Re1+ 
Kf8 35.b3 cxb3 36.axb3 Rb8 37.Bg6 Bf6 38.Re6 Kg7 39.Bc2 Rb4 40.Re4 1/2-1/2

[Event "5th Asia-ch"]
[Site "Hyderabad IND"]
[Date "2005.10.14"]
[Round "8"]
[White "Sandipan, Chanda"]
[Black "Sareen, Vishal"]
[Result "1/2-1/2"]
[WhiteElo "2560"]
[BlackElo "2375"]
[EventDate "2005.10.05"]
[PlyCount "132"]

1.e4 c5 2.Nf3 d6 3.d4 cxd4 4.Nxd4 Nf6 5.Nc3 Nc6 6.Bg5 e6 7.Qd2 a6 8.O-O-O 
Bd7 9.f3 Be7 10.Kb1 h6 11.Be3 h5 12.Bg5 Qc7 13.f4 Nxd4 14.Qxd4 Qc5 15.Bxf6
Bxf6 16.Qxd6 Qxd6 17.Rxd6 Bxc3 18.bxc3 Bc6 19.Rd4 h4 20.Be2 Ke7 21.Rhd1 
Rac8 22.Kb2 Rc7 23.Bf3 Rhc8 24.Rc4 Bb5 25.Rxc7+ Rxc7 26.e5 Bc6 27.Bxc6 
Rxc6 28.Rd4 Rc5 29.Kb3 g5 30.g3 hxg3 31.hxg3 gxf4 32.gxf4 f6 33.Rc4 Rd5 
34.Rc7+ Kd8 35.Rxb7 fxe5 36.c4 Ra5 37.fxe5 Rxe5 38.c3 Kc8 39.Rb6 a5 40.Rb5
Rf5 41.a4 Kc7 42.c5 e5 43.Rxa5 e4 44.Ra7+ Kc6 45.Ra6+ Kc7 46.Re6 Rxc5 47.
Rxe4 Rh5 48.Kb4 Kb7 49.Re7+ Kb6 50.a5+ Ka6 51.c4 Rh1 52.Kc5 Rh5+ 53.Kd6 
Rxa5 54.c5 Ra1 55.c6 Rd1+ 56.Kc7 Rh1 57.Re2 Rh7+ 58.Kd6 Rh6+ 59.Re6 Rh7 
60.Re7 Rh6+ 61.Kd7 Rh8 62.Re1 Rh7+ 63.Re7 Rh8 64.Re6 Kb6 65.Re7 Rg8 66.Rh7
Rf8 1/2-1/2

[Event "5th Asia-ch"]
[Site "Hyderabad IND"]
[Date "2005.10.14"]
[Round "8"]
[White "Laxman, Rajaram"]
[Black "Bakre, Tejas"]
[Result "0-1"]
[WhiteElo "2404"]
[BlackElo "2484"]
[EventDate "2005.10.05"]
[PlyCount "72"]

1.Nf3 c5 2.c4 Nc6 3.Nc3 Nf6 4.d4 cxd4 5.Nxd4 e6 6.a3 Be7 7.e4 O-O 8.Nxc6 
dxc6 9.Qxd8 Rxd8 10.Bf4 Nh5 11.Bc7 Rd7 12.Be5 f6 13.Be2 fxe5 14.Bxh5 Rd4 
15.Be2 b6 16.O-O Ba6 17.b3 Rad8 18.Bg4 Bc8 19.Ne2 Rd2 20.b4 R8d3 21.Kh1 g6
22.Ng1 Bf6 23.a4 Rc3 24.c5 bxc5 25.b5 h5 26.Bh3 g5 27.f3 Rb3 28.Rab1 c4 
29.Rbc1 cxb5 30.axb5 c3 31.Ra1 c2 32.g3 Rxb5 33.Rxa7 Rc5 34.Rc1 Rd1 35.
Raa1 Rxc1 36.Rxc1 g4 0-1

[Event "5th Asia-ch"]
[Site "Hyderabad IND"]
[Date "2005.10.14"]
[Round "8"]
[White "Sivanandan, B. S."]
[Black "Sharma, Dinesh"]
[Result "1/2-1/2"]
[WhiteElo "2467"]
[BlackElo "2359"]
[EventDate "2005.10.05"]
[PlyCount "80"]

1.Nf3 d5 2.b3 c6 3.Bb2 Bg4 4.d3 Bxf3 5.gxf3 Nf6 6.f4 Nbd7 7.Nd2 e6 8.Bg2 
Bd6 9.e3 Qc7 10.Qe2 O-O-O 11.O-O-O Rhe8 12.Kb1 e5 13.f5 Kb8 14.h4 Qa5 15.
h5 Ba3 16.Ba1 h6 17.Rh3 Bb4 18.Nf1 Bc3 19.Bxc3 Qxc3 20.Qd2 Qc5 21.Ng3 Nb6 
22.Rh4 Qe7 23.Rhh1 c5 24.Qa5 Rd7 25.Bf3 Red8 26.Rhg1 e4 27.Be2 exd3 28.
cxd3 Rc7 29.Rc1 Rdc8 30.Rc2 c4 31.Rgc1 cxd3 32.Rxc7 Rxc7 33.Rxc7 Qxc7 34.
Bxd3 Nbd7 35.Qb4 Qc5 36.Qf4+ Qc7 37.Qb4 Qc5 38.Qf4+ Qc7 39.Qb4 Qc5 40.Qf4+
Qc7 1/2-1/2

[Event "5th Asia-ch"]
[Site "Hyderabad IND"]
[Date "2005.10.14"]
[Round "8"]
[White "Iuldachev, Saidali"]
[Black "Girinath, P. D. S."]
[Result "1-0"]
[WhiteElo "2543"]
[BlackElo "2392"]
[EventDate "2005.10.05"]
[PlyCount "69"]

1.e4 e6 2.Qe2 b6 3.Nf3 Bb7 4.d3 d5 5.g3 dxe4 6.dxe4 Nf6 7.Nbd2 Nc6 8.Bg2 
Nb4 9.O-O Nxc2 10.e5 Nd5 11.Rb1 Ncb4 12.a3 Na2 13.Ne4 Nxc1 14.Rbxc1 Be7 
15.Nd4 Qd7 16.Rfd1 O-O 17.f4 c5 18.Nb5 Ba6 19.a4 Bxb5 20.axb5 Qc7 21.Rxd5 
exd5 22.Nc3 d4 23.Nd5 Qd8 24.g4 Rc8 25.b3 Re8 26.Be4 Rc7 27.Rf1 Rd7 28.Qf3
c4 29.bxc4 Bc5 30.Qd3 h6 31.Kh1 Rxd5 32.Bxd5 Re7 33.g5 hxg5 34.fxg5 Rxe5 
35.g6 1-0

[Event "5th Asia-ch"]
[Site "Hyderabad IND"]
[Date "2005.10.14"]
[Round "8"]
[White "Moussa, Taleb"]
[Black "Sai Srinivas, Dasari"]
[Result "1-0"]
[WhiteElo "2510"]
[BlackElo "2304"]
[EventDate "2005.10.05"]
[PlyCount "61"]

1.e4 c5 2.Nf3 d6 3.c3 Nf6 4.Be2 Nc6 5.d4 cxd4 6.cxd4 e6 7.Nc3 Be7 8.O-O d5
9.e5 Ne4 10.Bd3 Nxc3 11.bxc3 O-O 12.Qc2 g6 13.Bh6 Re8 14.h4 Bf8 15.Bg5 Be7
16.g4 Bd7 17.Rab1 Na5 18.Kg2 Rc8 19.Rh1 Qc7 20.Rbc1 Nc4 21.Rh3 Bb5 22.Qe2 
Kg7 23.h5 Rh8 24.Rch1 Bxg5 25.hxg6 hxg6 26.Nxg5 Rxh3 27.Rxh3 Qe7 28.Rh7+ 
Kg8 29.Qf3 Nxe5 30.dxe5 Bxd3 31.Qh3 1-0

[Event "5th Asia-ch"]
[Site "Hyderabad IND"]
[Date "2005.10.14"]
[Round "8"]
[White "Mahjoob, Morteza"]
[Black "Suvrajit, Saha"]
[Result "0-1"]
[WhiteElo "2418"]
[BlackElo "2378"]
[EventDate "2005.10.05"]
[PlyCount "110"]

1.c4 e5 2.Nc3 Nc6 3.g3 g6 4.Bg2 Bg7 5.Rb1 Nf6 6.b4 O-O 7.d3 Re8 8.e3 d6 9.
Nge2 a6 10.a4 Be6 11.Nd5 Rc8 12.Nec3 Bg4 13.Qb3 Nxd5 14.cxd5 Ne7 15.O-O 
Bh3 16.Bd2 Bxg2 17.Kxg2 c6 18.Rfc1 Qd7 19.dxc6 bxc6 20.a5 d5 21.Na4 Qf5 
22.Rc5 h5 23.h3 e4 24.dxe4 Qxe4+ 25.Kg1 h4 26.Qc2 hxg3 27.Qxe4 gxf2+ 28.
Kxf2 dxe4 29.Rc4 Red8 30.Ke2 f5 31.Be1 Kf7 32.h4 Rd3 33.Rd1 Rxd1 34.Kxd1 
Rd8+ 35.Ke2 Rd3 36.Nc5 Ra3 37.Nxa6 Nd5 38.Bd2 Bc3 39.Bxc3 Nxc3+ 40.Kd2 Nd5
41.Rxc6 Rd3+ 42.Kc2 Nxe3+ 43.Kc1 f4 44.Rc7+ Kf6 45.Nc5 Rd4 46.a6 f3 47.
Rc6+ Kf5 48.Rc8 Kg4 49.a7 f2 50.Rf8 Nf5 51.a8=Q f1=Q+ 52.Kb2 Rd2+ 53.Ka3 
Qa1+ 54.Kb3 Qb1+ 55.Kc4 Nd6+ 0-1